| 000 | 00504cab a2200205 4500 | ||
|---|---|---|---|
| 001 | X812 | ||
| 008 | 090401t1993 xxu||||| |||| 00| 0 eng d | ||
| 035 | _a(Sirsi) u67563 | ||
| 041 | _aeng | ||
| 245 | _aLivestock auctioneeers` accounts | ||
| 260 | _c1993 | ||
| 350 | _a0 | ||
| 490 |
_aCS Monthly : Rural Practice _v2(9) June 1993, 5(1) |
||
| 650 | _aLIVESTOCK AUCTIONS | ||
| 650 | _aEC REGULATIONS | ||
| 650 | _aABOUT RICS | ||
| 690 |
_aAuctioneering _96218 |
||
| 942 | _n0 | ||
| 948 | _c04/03/1997 | ||
| 999 |
_c42276 _d42276 |
||